000
00329 a2200157 4500
001
65728
020
_a
9788516094768
040
_c
Anchieta - Pituba
100
_a
Mara Regina Garcia Gay
240
1
0
_a
Matemática 6
_l
por
245
1
0
_a
Matemática 6
300
_a
216
362
0
_a
2014
650
4
_a
Matemática
942
_c
BK
999
_c
65728
_d
65728